| 000 | 03113cam a22004214a 4500 | ||
|---|---|---|---|
| 001 | 14071468 | ||
| 005 | 20170105102918.0 | ||
| 008 | 050811s2006 nyu 001 0deng | ||
| 010 | _a 2005023362 | ||
| 020 | _a0307336492 | ||
| 020 | _a9780307336491 | ||
| 035 | _a(OCoLC)ocm61361545 | ||
| 040 |
_aDLC _cDLC _dBAKER _dC#P _dBUR _dDLC |
||
| 042 | _apcc | ||
| 043 | _an-us--- | ||
| 050 | 0 | 0 |
_aE902 _b.B3725 2006 |
| 082 | 0 | 4 |
_a973.931/092 _222 |
| 100 | 1 |
_aBarnes, Fred, _d1943- |
|
| 245 | 1 | 0 |
_aRebel-in-chief : _binside the bold and controversial presidency of George W. Bush / _cFred Barnes. |
| 250 | _a1st ed. | ||
| 260 |
_aNew York : _bCrown Forum, _cc2006. |
||
| 300 |
_a220 p. ; _c22 cm. |
||
| 500 | _aIncludes index. | ||
| 505 | 0 | _aThe insurgent leader -- The outsider : Bush and the Washington establishment -- Strike the hole, strike the rancher : the Bush revolution in foreign policy -- Reversal : reinventing America's role in the Middle East -- Unflinching : bringing democracy to Iraq -- The crusade for democracy -- Taking ownership -- Faith-based -- The new conservatism -- The new majority. | |
| 520 | _aVeteran political reporter Barnes provides an insider's view of how Bush's unique presidential style and bold reforms are dramatically remaking the country--and, indeed, the world. In the process, Barnes shows, the president is shaking up Washington and reshaping the conservative movement. Barnes has gained extraordinary access to the Bush administration, conducting rare one-on-one interviews with Bush, Cheney, Rice, Rumsfeld, and many other close presidential advisers. Barnes shows how Bush acts as an "insurgent force" in the nation's capital; how he is redefining conservatism for a new era; how he has revolutionized American foreign policy--and how his crusade for democracy would have been anathema to Bush himself only five years ago; when and why he decided to go into Iraq, even knowing that he was putting his future at risk; how he routinely defies conventional wisdom--and why he usually wins.--From publisher description. | ||
| 600 | 1 | 0 |
_aBush, George W. _q(George Walker), _d1946- _xPolitical and social views. |
| 600 | 1 | 0 |
_aBush, George W. _q(George Walker), _d1946- _xInfluence. |
| 650 | 0 |
_aConservatism _zUnited States. |
|
| 651 | 0 |
_aUnited States _xPolitics and government _y2001-2009. |
|
| 651 | 0 |
_aUnited States _xForeign relations _y2001- |
|
| 856 | 4 | 1 |
_3Table of contents only _uhttp://www.loc.gov/catdir/toc/ecip0517/2005023362.html |
| 856 | 4 | 2 |
_3Contributor biographical information _uhttp://www.loc.gov/catdir/enhancements/fy0622/2005023362-b.html |
| 856 | 4 | 2 |
_3Publisher description _uhttp://www.loc.gov/catdir/enhancements/fy0622/2005023362-d.html |
| 856 | 4 | 1 |
_3Sample text _uhttp://www.loc.gov/catdir/enhancements/fy0622/2005023362-s.html |
| 906 |
_a7 _bcbc _corignew _d1 _eecip _f20 _gy-gencatlg |
||
| 942 |
_2ddc _cBK |
||
| 999 |
_c15465 _d15465 |
||